00285nam a2200121Ia 4500008004100000041000800041082001900049100001200068245002700080260001500107365001600122700002500138230719s9999 xx 000 0 und d aeng a005.2'762bPUG aPugh E. aProfessional Hibernate bJohn Wiley cRs.b190.00 aPugh E. & Grdecki J.